000 00482nam a2200169Ia 4500
999 _c20344
_d20344
003 OSt
005 20200624100333.0
008 190216s9999||||xx |||||||||||||| ||und||
040 _coclc
082 _a954.023
_bHUS/T
100 _aHusain, Agha Mahdi
_93151
245 0 _aTughluq Dynasty /
_cAgha Mahdi Husain
260 _bS Chand & Company,
_c1988.
_aNew Delhi:
300 _a675p
650 _aHistory
942 _cBK
_2ddc
_h954.023
_iHUS/T
_k954.023
_mHUS/T